[Event "Maringa op 3rd"]
[Site "Maringa"]
[Date "2013.07.27"]
[Round "6"]
[White "Okawati, Gabriel Akira Andra"]
[Black "Da Silva, Lucas Henrique Lins"]
[Result "1/2-1/2"]
[WhiteElo "1867"]
[BlackElo "2089"]
[PlyCount "66"]
[EventDate "2013.07.24"]
[EventType "swiss"]
[EventRounds "8"]
[EventCountry "BRA"]
[SourceTitle "CBM 155 Extra"]
[Source "ChessBase"]
[SourceDate "2013.08.26"]
[SourceVersion "1"]
[SourceVersionDate "2013.08.26"]
[SourceQuality "1"]

1. e4 c5 2. Nf3 Nc6 3. d4 cxd4 4. Nxd4 Nf6 5. Nc3 e6 6. Ndb5 Bb4 7. a3 Bxc3+ 8. Nxc3 d5 9. exd5 exd5 10. Bd3 0-0 11. 0-0 d4 12. Ne2 Bg4 13. f3 Bh5 14. b4 Qb6 15. Nf4 Bg6 16. Nxg6 hxg6 17. f4 Ne7 18. Qf3 Nf5 19. Bd2 Rfe8 20. Rfe1 Rad8 21. Kh1 Rxe1+ 22. Rxe1 Nd5 23. Bxf5 gxf5 24. Re5 Ne3 25. Bxe3 dxe3 26. Rxe3 Rd1+ 27. Qxd1 Qxe3 28. Qd8+ Kh7 29. Qh4+ Kg8 30. Qd8+ Kh7 31. Qh4+ Kg8 32. Qd8+ Kh7 33. Qh4+ Kg8 1/2-1/2

[Event "Parana-ch"]
[Site "Curitiba"]
[Date "2013.01.24"]
[Round "5"]
[White "Da Silva, Lucas Henrique Lins"]
[Black "Chemin, Vitorio"]
[Result "1-0"]
[WhiteElo "2050"]
[BlackElo "2190"]
[PlyCount "71"]
[EventDate "2013.01.22"]
[EventType "swiss"]
[EventRounds "9"]
[EventCountry "BRA"]
[SourceTitle "CBM 152 Extra"]
[Source "ChessBase"]
[SourceDate "2013.02.25"]
[SourceVersion "1"]
[SourceVersionDate "2013.02.25"]
[SourceQuality "1"]

1. e4 c5 2. Nf3 Nc6 3. d4 cxd4 4. Nxd4 Nf6 5. Nc3 d6 6. f3 e5 7. Nb3 Be7 8. Be3 Be6 9. Qd2 0-0 10. Nd5 Bxd5 11. exd5 Nb8 12. 0-0-0 Nbd7 13. Kb1 a5 14. Qd3 b6 15. a4 Nc5 16. Nxc5 bxc5 17. Qb3 Nd7 18. g4 Rb8 19. Bb5 f5 20. Rdf1 Kh8 21. gxf5 Rxf5 22. Qd3 Rf7 23. h4 Nf6 24. h5 Ng8 25. h6 g6 26. f4 exf4 27. Rxf4 Rxf4 28. Bxf4 Bf6 29. Qg3 Ne7 30. Qh2 Nf5 31. Re1 Qf8 32. Re6 Rd8 33. Bd3 Nd4 34. Bxd6 Nxe6 35. Bxf8 Nxf8 36. Qf4 1-0

[Event "Parana-ch"]
[Site "Curitiba"]
[Date "2013.01.24"]
[Round "4"]
[White "Da Silva, Lucas Henrique Lins"]
[Black "Cruz, William Ferreira Da"]
[Result "1-0"]
[WhiteElo "2050"]
[BlackElo "2182"]
[PlyCount "81"]
[EventDate "2013.01.22"]
[EventType "swiss"]
[EventRounds "9"]
[EventCountry "BRA"]
[SourceTitle "CBM 152 Extra"]
[Source "ChessBase"]
[SourceDate "2013.02.25"]
[SourceVersion "1"]
[SourceVersionDate "2013.02.25"]
[SourceQuality "1"]

1. e4 e6 2. d4 d5 3. exd5 exd5 4. Bd3 Bd6 5. c3 Nc6 6. Qf3 Be6 7. Ne2 Qd7 8. h3 0-0-0 9. Bf4 Nge7 10. Bxd6 Qxd6 11. Nd2 Kb8 12. 0-0-0 f6 13. g4 Ng6 14. h4 Rhe8 15. Rdg1 Bc8 16. h5 Nf8 17. Nf1 Ne6 18. Nd2 h6 19. Bg6 Re7 20. Re1 b5 21. a3 Na5 22. Qg3 Ng5 23. Nf4 Nc4 24. Nxc4 dxc4 25. Rxe7 Qxe7 26. Kd2 Bb7 27. Rf1 Qd6 28. Kc1 Nf3 29. Rd1 Ka8 30. d5 Ng5 31. Rd4 Qc5 32. Qe3 Bc8 33. f3 Qd6 34. Kb1 Qe5 35. Qf2 Bb7 36. Ka2 Bxd5 37. Nxd5 Rxd5 38. f4 Nh3 39. fxe5 Nxf2 40. Rxd5 fxe5 41. Rd2 1-0

[Event "Parana-chT U18"]
[Site "Sao Jose dos Pinhais"]
[Date "2012.11.17"]
[Round "4.1"]
[White "Barbosa, Jefferson Lucas Mun"]
[Black "Da Silva, Lucas Henrique Lins"]
[Result "1-0"]
[WhiteElo "1849"]
[BlackElo "2050"]
[PlyCount "127"]
[EventDate "2012.11.14"]
[EventType "team-swiss"]
[EventRounds "7"]
[EventCountry "BRA"]
[SourceTitle "EXT 2024"]
[Source "ChessBase"]
[SourceDate "2023.10.10"]
[SourceVersion "1"]
[SourceVersionDate "2023.10.10"]
[SourceQuality "1"]
[WhiteTeam "Sao Jose dos Pinhais"]
[BlackTeam "Londrina"]
[WhiteTeamCountry "BRA"]
[BlackTeamCountry "BRA"]

1. e4 c6 2. d4 d5 3. Nc3 dxe4 4. Nxe4 Bf5 5. Ng3 Bg6 6. Nf3 Nd7 7. h4 h6 8. h5 Bh7 9. Bd3 Bxd3 10. Qxd3 e6 11. Bd2 Qc7 12. 0-0-0 Ngf6 13. Ne4 0-0-0 14. g3 Nc5 15. Nxc5 Bxc5 16. Kb1 Bd6 17. c4 Qe7 18. Ba5 Bc7 19. Bc3 Rhe8 20. Qe2 Bd6 21. Ba5 Bc7 22. Bxc7 Qxc7 23. Ne5 Qe7 24. c5 Rd5 25. Nc4 Red8 26. Nd6+ Kb8 27. Qf3 Rd7 28. Rhe1 Nxh5 29. g4 Nf6 30. Qf4 Ka8 31. Rd3 Qd8 32. Ra3 Qc7 33. Re5 b5 34. b4 R5xd6 35. cxd6 Qxd6 36. Qf3 Nd5 37. Rb3 f6 38. Re1 Nb6 39. Qe4 Nc4 40. Kc2 Kb7 41. a3 e5 42. Rd3 exd4 43. Red1 Re7 44. Qxd4 Re2+ 45. Kc3 Qxd4+ 46. Rxd4 Rxf2 47. Rd7+ Kb6 48. Rxg7 Ne5 49. Rd8 Rf3+ 50. Kd2 Rxa3 51. Rb8+ Ka6 52. Rbb7 Nc4+ 53. Ke2 c5 54. Rxa7+ Kb6 55. Rgb7+ Kc6 56. Rc7+ Kd5 57. Rxc5+ Kd4 58. Rxa3 Nxa3 59. Kf3 Nc4 60. Rxb5 Nd6 61. Rc5 Nf7 62. Rc1 Ne5+ 63. Kg3 Nd3 64. Rd1 1-0

[Event "Sao Jose dos Pinhais tt"]
[Site "Sao Jose dos Pinhais"]
[Date "2012.11.14"]
[Round "1.1"]
[White "Da Silva, Lucas Henrique Lins"]
[Black "Kaneda, Eric Kazuichi"]
[Result "1-0"]
[WhiteElo "2050"]
[BlackElo "1681"]
[PlyCount "77"]
[EventDate "2012.11.14"]
[EventType "team-swiss"]
[EventRounds "7"]
[EventCountry "BRA"]
[SourceTitle "CBM 151 Extra"]
[Source "ChessBase"]
[SourceDate "2012.12.18"]
[SourceVersion "1"]
[SourceVersionDate "2012.12.18"]
[SourceQuality "1"]
[WhiteTeam "Londrina"]
[BlackTeam "Campo Mourao"]
[WhiteTeamCountry "BRA"]
[BlackTeamCountry "BRA"]

1. c4 Nf6 2. Nf3 g6 3. g3 Bg7 4. Bg2 0-0 5. 0-0 c5 6. Nc3 Nc6 7. d3 d5 8. cxd5 Nxd5 9. Nxd5 Qxd5 10. Be3 Bd7 11. Qc2 b6 12. a3 Rac8 13. Rab1 Qh5 14. Rfc1 e5 15. Qa4 Rfd8 16. Qa6 Be6 17. b4 cxb4 18. axb4 Bf8 19. b5 Nd4 20. Bxd4 Rxc1+ 21. Rxc1 exd4 22. Qxa7 Qxb5 23. Qa1 Bc5 24. Ng5 Qe8 25. Qb2 Qe7 26. Qd2 Bb4 27. Qf4 Bd6 28. Qh4 h5 29. Be4 Bg4 30. f3 Bf5 31. Rc2 f6 32. Nh3 Bxe4 33. fxe4 Bc5 34. Qf4 Qe6 35. Qf1 Rc8 36. Nf4 Qxe4 37. dxe4 d3+ 38. Rxc5 Rxc5 39. Nxd3 1-0

[Event "Parana-chT 55th"]
[Site "Maringa"]
[Date "2012.09.25"]
[Round "3.1"]
[White "Da Silva, Lucas Henrique Lins"]
[Black "Egoroff, Jomar"]
[Result "0-1"]
[WhiteElo "2050"]
[BlackElo "2311"]
[PlyCount "98"]
[EventDate "2012.09.24"]
[EventType "team-swiss"]
[EventRounds "7"]
[EventCountry "BRA"]
[SourceTitle "EXT 2014"]
[Source "ChessBase"]
[SourceDate "2013.11.20"]
[SourceVersion "1"]
[SourceVersionDate "2013.11.20"]
[SourceQuality "1"]
[WhiteTeam "Londrina"]
[BlackTeam "Maringa"]
[WhiteTeamCountry "BRA"]
[BlackTeamCountry "BRA"]

1. Nf3 d5 2. b3 Nf6 3. Bb2 e6 4. g3 Be7 5. Bg2 0-0 6. 0-0 b6 7. d3 Bb7 8. c4 Nbd7 9. Nbd2 c5 10. cxd5 exd5 11. Qc2 Re8 12. Rac1 Bd6 13. Rfe1 Rc8 14. Qb1 b5 15. e4 Ne5 16. Nxe5 Bxe5 17. Bxe5 Rxe5 18. Rxc5 Rxc5 19. d4 dxe4 20. dxe5 Rxe5 21. Nxe4 Bxe4 22. Bxe4 Qe7 23. f3 Kf8 24. Kf2 Qc5+ 25. Kg2 Qc3 26. Qc1 Nd5 27. Qxc3 Nxc3 28. Rc1 b4 29. a3 Nxe4 30. fxe4 bxa3 31. Rc8+ Re8 32. Rc7 a5 33. Ra7 Re5 34. Rc7 a2 35. Rc1 a4 36. b4 Rxe4 37. b5 Rb4 38. Ra1 Rb2+ 39. Kf3 Ke7 40. Ke4 Kd6 41. Kd4 Rxh2 42. Kc4 Rb2 43. Rd1+ Kc7 44. Ra1 Kb6 45. g4 h6 46. Kc3 a3 47. Kc4 g6 48. Rf1 f5 49. gxf5 gxf5 0-1

[Event "Parana-chT 55th"]
[Site "Maringa"]
[Date "2012.09.24"]
[Round "2.1"]
[White "Da Silva, Lucas Henrique Lins"]
[Black "Popovicz, Sandro Jose"]
[Result "1/2-1/2"]
[WhiteElo "2050"]
[BlackElo "1944"]
[PlyCount "103"]
[EventDate "2012.09.24"]
[EventType "team-swiss"]
[EventRounds "7"]
[EventCountry "BRA"]
[SourceTitle "EXT 2014"]
[Source "ChessBase"]
[SourceDate "2013.11.20"]
[SourceVersion "1"]
[SourceVersionDate "2013.11.20"]
[SourceQuality "1"]
[WhiteTeam "Londrina"]
[BlackTeam "Francisco Beltrao"]
[WhiteTeamCountry "BRA"]
[BlackTeamCountry "BRA"]

1. Nf3 Nf6 2. g3 g6 3. Bg2 Bg7 4. 0-0 0-0 5. c4 d6 6. Nc3 e5 7. d3 Nc6 8. Rb1 a5 9. a3 Nh5 10. b4 axb4 11. axb4 f5 12. Qb3 Kh8 13. Bb2 g5 14. b5 Nb8 15. Ra1 Rxa1 16. Rxa1 Nd7 17. Qc2 Nc5 18. Nd2 Nf6 19. Ra8 Ng4 20. Nf3 f4 21. Ne4 Nxe4 22. dxe4 fxg3 23. hxg3 Nxf2 24. Kxf2 g4 25. Bc1 gxf3 26. exf3 Qf6 27. Qd3 Be6 28. Rxf8+ Bxf8 29. Bf1 Bh6 30. Bb2 Bg7 31. b6 Qe7 32. bxc7 Qxc7 33. Ba3 Bf8 34. f4 Be7 35. Be2 Kg7 36. f5 Bf7 37. Bc1 b5 38. c5 b4 39. cxd6 Bxd6 40. Bb2 Qc6 41. Kg2 Bc7 42. g4 Qc5 43. Qf3 Qc2 44. Ba1 Bc4 45. Kf1 Qd1+ 46. Kg2 Bxe2 47. Qe3 Bf1+ 48. Kg3 Qxa1 49. Qg5+ Kf8 50. Qf6+ Ke8 51. Qe6+ Kd8 52. Qg8+ 1/2-1/2

[Event "Parana-chT 55th"]
[Site "Maringa"]
[Date "2012.09.24"]
[Round "1.1"]
[White "Guimaraes, Ricardo Alves"]
[Black "Da Silva, Lucas Henrique Lins"]
[Result "0-1"]
[WhiteElo "2033"]
[BlackElo "2050"]
[PlyCount "78"]
[EventDate "2012.09.24"]
[EventType "team-swiss"]
[EventRounds "7"]
[EventCountry "BRA"]
[SourceTitle "EXT 2014"]
[Source "ChessBase"]
[SourceDate "2013.11.20"]
[SourceVersion "1"]
[SourceVersionDate "2013.11.20"]
[SourceQuality "1"]
[WhiteTeam "Araucaria"]
[BlackTeam "Londrina"]
[WhiteTeamCountry "BRA"]
[BlackTeamCountry "BRA"]

1. e4 c5 2. Nf3 e6 3. Nc3 a6 4. g3 Nc6 5. Bg2 b5 6. d4 cxd4 7. Nxd4 Bb7 8. 0-0 Bb4 9. Nce2 Qc7 10. Be3 Nf6 11. Nxc6 Bxc6 12. Qd4 Be7 13. f3 0-0 14. Bf4 d6 15. Qd3 Rfd8 16. Qc3 e5 17. Bg5 Nxe4 18. fxe4 Bxg5 19. Rad1 Rac8 20. Qf3 Rf8 21. Bh3 Rcd8 22. Rf2 b4 23. c4 Qb7 24. Rd5 Bxd5 25. cxd5 g6 26. Bf1 Rc8 27. h4 Bd8 28. Rh2 Bb6+ 29. Kh1 f5 30. Bh3 fxe4 31. Bxc8 exf3 32. Bxb7 f2 33. Rxf2 Rxf2 34. Bxa6 Rf1+ 35. Kg2 Rb1 36. Kf3 Rxb2 37. Bc4 Kg7 38. g4 h6 39. Bb3 e4+ 0-1

[Event "Foz do Iguacu op"]
[Site "Foz do Iguacu"]
[Date "2012.05.26"]
[Round "4"]
[White "Da Silva, Lucas Henrique Lins"]
[Black "Sekula, Markley Ribas"]
[Result "1/2-1/2"]
[WhiteElo "2030"]
[BlackElo "2088"]
[PlyCount "70"]
[EventDate "2012.05.25"]
[EventType "swiss"]
[EventRounds "6"]
[EventCountry "BRA"]
[SourceTitle "CBM 148 Extra"]
[Source "ChessBase"]
[SourceDate "2012.06.22"]
[SourceVersion "1"]
[SourceVersionDate "2012.06.22"]
[SourceQuality "1"]

1. Nf3 d6 2. c4 g6 3. g3 Bg7 4. Bg2 Nf6 5. 0-0 0-0 6. Nc3 c5 7. d3 Nc6 8. Rb1 Bg4 9. a3 Qd7 10. Re1 Bh3 11. Bh1 h6 12. b4 Rad8 13. Qb3 b6 14. b5 Na5 15. Qa4 Qc7 16. Bd2 Bd7 17. Nd1 Nb7 18. Ne3 a5 19. Bc3 e5 20. Nd2 Be6 21. Qc2 d5 22. cxd5 Nxd5 23. Nxd5 Bxd5 24. Bxd5 Rxd5 25. Nc4 Rd7 26. e4 Rfd8 27. Rbd1 f6 28. Ne3 Kh7 29. a4 Re8 30. g4 Nd8 31. Nd5 Qd6 32. Qe2 Ne6 33. h4 Nc7 34. Ne3 Ne6 35. Nd5 Nc7 1/2-1/2

[Event "Foz do Iguacu op"]
[Site "Foz do Iguacu"]
[Date "2012.05.25"]
[Round "2"]
[White "Da Silva, Lucas Henrique Lins"]
[Black "Angelotti, Rafaela Beatriz"]
[Result "1-0"]
[WhiteElo "2030"]
[BlackElo "1883"]
[PlyCount "71"]
[EventDate "2012.05.25"]
[EventType "swiss"]
[EventRounds "6"]
[EventCountry "BRA"]
[SourceTitle "CBM 148 Extra"]
[Source "ChessBase"]
[SourceDate "2012.06.22"]
[SourceVersion "1"]
[SourceVersionDate "2012.06.22"]
[SourceQuality "1"]

1. e4 c6 2. d4 d5 3. Nc3 Nf6 4. e5 Ne4 5. Qf3 Nxc3 6. bxc3 e6 7. g3 c5 8. Ne2 Nc6 9. Bh3 b6 10. 0-0 Ba6 11. Rd1 Bxe2 12. Qxe2 Be7 13. Qg4 g6 14. Bh6 Bf8 15. Bg5 Be7 16. Bh6 Bf8 17. Be3 h5 18. Qf3 Bh6 19. Bxh6 Rxh6 20. dxc5 bxc5 21. Qe3 Rh7 22. Qxc5 Nxe5 23. Bf1 f5 24. Bb5+ Nd7 25. c4 Rc8 26. Qxa7 Rc7 27. Qe3 Re7 28. Qd4 Kf7 29. cxd5 exd5 30. Qxd5+ Kf8 31. c4 Qc8 32. Qd6 Ne5 33. Qf6+ Kg8 34. Rd5 Nxc4 35. Bxc4 Rxc4 36. Qxe7 1-0

[Event "Foz do Iguacu op"]
[Site "Foz do Iguacu"]
[Date "2012.05.25"]
[Round "1"]
[White "Fonseca, Breno Caetano"]
[Black "Da Silva, Lucas Henrique Lins"]
[Result "0-1"]
[WhiteElo "1800"]
[BlackElo "2030"]
[PlyCount "100"]
[EventDate "2012.05.25"]
[EventType "swiss"]
[EventRounds "6"]
[EventCountry "BRA"]
[SourceTitle "CBM 148 Extra"]
[Source "ChessBase"]
[SourceDate "2012.06.22"]
[SourceVersion "1"]
[SourceVersionDate "2012.06.22"]
[SourceQuality "1"]

1. b4 e6 2. Bb2 Nf6 3. a3 d5 4. Nf3 Nbd7 5. e3 Bd6 6. c4 dxc4 7. Bxc4 0-0 8. 0-0 b6 9. Bb5 Bb7 10. Nd4 c5 11. Bc6 Bxc6 12. Nxc6 Qc7 13. b5 Bxh2+ 14. Kh1 Bd6 15. g3 Ne5 16. Bxe5 Bxe5 17. Nc3 Nd5 18. Nxd5 exd5 19. Rb1 Rfe8 20. Kg2 Bf6 21. Rh1 g6 22. Qf3 Qd6 23. Rh3 Bg7 24. Rbh1 h6 25. g4 a6 26. a4 Re4 27. d4 c4 28. Rb1 axb5 29. axb5 Ra2 30. Rhh1 Qe6 31. Kg3 f5 32. Rh4 g5 33. Rh5 Rxg4+ 34. Kh2 Re4 35. Kg1 Ra8 36. Qe2 f4 37. Re1 fxe3 38. fxe3 Re8 39. Kf2 Rf8+ 40. Kg3 c3 41. Kh2 Re8 42. Rh3 g4 43. Rg3 h5 44. Qa2 h4 45. Rg2 g3+ 46. Kh1 Bxd4 47. Rge2 Bxe3 48. Rxe3 Rxe3 49. Rxe3 Qh3+ 50. Kg1 Qh2+ 0-1

[Event "BRA-ch U18"]
[Site "Sao Paulo"]
[Date "2012.05.01"]
[Round "7"]
[White "Da Silva, Lucas Henrique Lins"]
[Black "Dos Santos, Lucas Aparecido"]
[Result "1-0"]
[WhiteElo "2030"]
[BlackElo "1957"]
[PlyCount "75"]
[EventDate "2012.04.28"]
[EventType "swiss"]
[EventRounds "7"]
[EventCountry "BRA"]
[SourceTitle "CBM 148 Extra"]
[Source "ChessBase"]
[SourceDate "2012.06.22"]
[SourceVersion "1"]
[SourceVersionDate "2012.06.22"]
[SourceQuality "1"]

1. e4 c5 2. Nf3 e6 3. d4 cxd4 4. Nxd4 a6 5. Bd3 Qc7 6. 0-0 Nf6 7. c4 Be7 8. Nc3 d6 9. Be3 Nbd7 10. f4 0-0 11. Qe2 b6 12. Rae1 Bb7 13. Nf3 Ng4 14. Bc1 e5 15. h3 Ngf6 16. Nd5 Nxd5 17. exd5 Bf6 18. fxe5 Nxe5 19. Nxe5 Bxe5 20. Qg4 Bc8 21. Qh4 f5 22. Bf4 Bf6 23. Qg3 Rd8 24. Bg5 Qf7 25. Kh1 Qg6 26. Bf4 Qxg3 27. Bxg3 g6 28. Re2 Kf7 29. Rfe1 g5 30. Rf1 f4 31. Bf2 Rb8 32. Bxh7 Rh8 33. Bb1 g4 34. Be1 f3 35. gxf3 gxf3 36. Rh2 Bxh3 37. Rxf3 Bg4 38. Rxf6+ 1-0

[Event "BRA-ch U18"]
[Site "Sao Paulo"]
[Date "2012.04.29"]
[Round "4"]
[White "Da Silva, Lucas Henrique Lins"]
[Black "Takeda, Lucas Koji"]
[Result "1-0"]
[WhiteElo "2030"]
[BlackElo "1880"]
[PlyCount "41"]
[EventDate "2012.04.28"]
[EventType "swiss"]
[EventRounds "7"]
[EventCountry "BRA"]
[SourceTitle "CBM 148 Extra"]
[Source "ChessBase"]
[SourceDate "2012.06.22"]
[SourceVersion "1"]
[SourceVersionDate "2012.06.22"]
[SourceQuality "1"]

1. Nf3 d5 2. c4 e6 3. g3 Nf6 4. Bg2 Be7 5. 0-0 0-0 6. b3 c5 7. cxd5 exd5 8. d4 Nc6 9. Bb2 Be6 10. dxc5 Bxc5 11. Nc3 Ne4 12. Na4 Be7 13. Rc1 Rc8 14. e3 Qa5 15. Qe2 Bf6 16. Bxf6 Nxf6 17. Nc5 b6 18. Nxe6 fxe6 19. Bh3 Rfe8 20. Ng5 Kh8 21. Nf7+ 1-0

[Event "Maringa op"]
[Site "Maringa"]
[Date "2011.12.22"]
[Round "9"]
[White "Da Silva, Lucas Henrique Lins"]
[Black "Cella, Glaucio Dalla Cortt"]
[Result "0-1"]
[WhiteElo "2083"]
[BlackElo "2014"]
[PlyCount "62"]
[EventDate "2011.12.17"]
[EventType "swiss"]
[EventRounds "9"]
[EventCountry "BRA"]
[SourceTitle "CBM 146 Extra"]
[Source "ChessBase"]
[SourceDate "2012.02.29"]
[SourceVersion "1"]
[SourceVersionDate "2012.02.29"]
[SourceQuality "1"]

1. e4 e5 2. Nf3 Nc6 3. Bb5 a6 4. Ba4 Nf6 5. 0-0 b5 6. Bb3 Be7 7. Re1 d6 8. h3 Na5 9. d4 Bb7 10. Nbd2 exd4 11. a4 Nxb3 12. Nxb3 Bxe4 13. axb5 axb5 14. Rxa8 Qxa8 15. Nbxd4 Qb7 16. Ng5 Bg6 17. Qe2 Nd5 18. Nxb5 0-0 19. c4 Bxg5 20. Bxg5 h6 21. Bxh6 gxh6 22. cxd5 Rb8 23. Nd4 Qxd5 24. Qg4 c5 25. Nf3 Qf5 26. Qg3 Rxb2 27. Qxd6 Qc2 28. Re8+ Kh7 29. Ng5+ hxg5 30. Qf6 Qc1+ 31. Kh2 Qf4+ 0-1

[Event "Maringa op"]
[Site "Maringa"]
[Date "2011.12.20"]
[Round "6"]
[White "Da Silva, Lucas Henrique Lins"]
[Black "Lukachewski Junior, Wanderlei"]
[Result "0-1"]
[WhiteElo "2083"]
[BlackElo "2019"]
[PlyCount "94"]
[EventDate "2011.12.17"]
[EventType "swiss"]
[EventRounds "9"]
[EventCountry "BRA"]
[SourceTitle "CBM 146 Extra"]
[Source "ChessBase"]
[SourceDate "2012.02.29"]
[SourceVersion "1"]
[SourceVersionDate "2012.02.29"]
[SourceQuality "1"]

1. Nf3 Nf6 2. c4 g6 3. g3 Bg7 4. Bg2 0-0 5. 0-0 d5 6. cxd5 Nxd5 7. Nc3 c6 8. e4 Nb6 9. b3 Na6 10. d4 c5 11. Be3 cxd4 12. Nxd4 Nc5 13. Rc1 Ne6 14. Nd5 Nxd5 15. exd5 Nxd4 16. Bxd4 Bxd4 17. Qxd4 Qd6 18. Rfd1 Rd8 19. h4 Bf5 20. g4 Bd7 21. h5 h6 22. hxg6 fxg6 23. Rd3 Rac8 24. Rdc3 b6 25. Rxc8 Rxc8 26. Re1 Rf8 27. Re3 Qf6 28. Rd3 Qxd4 29. Rxd4 Rc8 30. Be4 Kg7 31. Bd3 g5 32. Kg2 Kf6 33. Kg3 Rc3 34. Kf3 Ke5 35. Re4+ Kxd5 36. Re3 Kd4 37. Bf5 Bxf5 38. gxf5 Rxe3+ 39. fxe3+ Ke5 40. Kg4 h5+ 41. Kxg5 h4 42. Kxh4 Kxf5 43. Kg3 Ke4 44. Kf2 Kd3 45. Kf3 e5 46. a3 a6 47. b4 b5 0-1

[Event "Maringa op"]
[Site "Maringa"]
[Date "2011.12.17"]
[Round "1"]
[White "Barbosa, Jefferson Lucas Mun"]
[Black "Da Silva, Lucas Henrique Lins"]
[Result "1-0"]
[WhiteElo "1786"]
[BlackElo "2083"]
[PlyCount "101"]
[EventDate "2011.12.17"]
[EventType "swiss"]
[EventRounds "9"]
[EventCountry "BRA"]
[SourceTitle "CBM 146 Extra"]
[Source "ChessBase"]
[SourceDate "2012.02.29"]
[SourceVersion "1"]
[SourceVersionDate "2012.02.29"]
[SourceQuality "1"]

1. e4 c5 2. Nf3 e6 3. d4 cxd4 4. Nxd4 a6 5. Nc3 Qc7 6. Bd3 Nc6 7. Nxc6 bxc6 8. Qe2 Bd6 9. Qg4 g6 10. h3 Rb8 11. 0-0 c5 12. Qe2 Ra8 13. f4 Bb7 14. e5 Be7 15. Ne4 Nh6 16. Rd1 Nf5 17. c3 h5 18. Kh2 Bd5 19. Ng3 Nxg3 20. Kxg3 h4+ 21. Kh2 Qb7 22. c4 Bc6 23. Bc2 Kd8 24. b3 Kc7 25. Be3 Rad8 26. Qf2 Kb8 27. Bxc5 Bxc5 28. Qxc5 Bxg2 29. Rd6 Rc8 30. Qd4 Bc6 31. Be4 Rc7 32. Rd1 Rhc8 33. Bxc6 dxc6 34. c5 Qb5 35. Rd2 Rb7 36. Qc3 Ka7 37. R2d3 Rcb8 38. R6d4 a5 39. Ra4 Ka6 40. Kg2 Rc7 41. Kf2 Ra8 42. Rdd4 Kb7 43. Rac4 Qa6 44. a3 Qb5 45. b4 Ka6 46. bxa5 Rb7 47. Rb4 Qxb4 48. Rxb4 Rab8 49. Rb6+ Ka7 50. Qd3 Rxb6 51. axb6+ 1-0